المرشد الاسلامى فى الفقه الطبى / (رقم التسجيلة. 92645)

تفاصيل مارك
000 -LEADER
fixed length control field 01237cam a2200277 a 4500
003 - CONTROL NUMBER IDENTIFIER
control field EG-GiCUC
008 - FIXED-LENGTH DATA ELEMENTS--GENERAL INFORMATION
fixed length control field 070225m19919999ku g 000 0 ara d
040 ## - CATALOGING SOURCE
Original cataloging agency EG-GiCUC
Language of cataloging ara
Transcribing agency EG-GiCUC
092 04 - LOCALLY ASSIGNED DEWEY CALL NUMBER (OCLC)
Classification number 214.61743
Item number W138 1991
Edition number 21
099 ## - LOCAL FREE-TEXT CALL NUMBER (OCLC)
Classification number 04
-- 214.61743 W138 1991
100 1# - MAIN ENTRY--PERSONAL NAME
Personal name الواعى : توفيق يوسف
245 12 - TITLE STATEMENT
Title المرشد الاسلامى فى الفقه الطبى /
Statement of responsibility, etc. اعداد توفيق الواعى : احمد ابوالفضل : احمد رجائى الجندى ؛ اشراف و تقديم عبد الرحمن العوضى
260 ## - PUBLICATION, DISTRIBUTION, ETC.
Place of publication, distribution, etc. الكويت :
Name of publisher, distributor, etc. الادارة العامة للبحوث والتأليف و الترجمة :
Date of publication, distribution, etc. 1991
300 ## - PHYSICAL DESCRIPTION
Extent مج ؛
Dimensions 20سم
440 #0 - SERIES STATEMENT/ADDED ENTRY--TITLE
Title سلسلة مطبوعات منظمة الطب الاسلامى
500 ## - GENERAL NOTE
General note المكتبة تقتنى الجزء الاول فقط
504 ## - BIBLIOGRAPHY, ETC. NOTE
Bibliography, etc. note يشتمل على ارجاعات ببليوجرافية
650 #7 - SUBJECT ADDED ENTRY--TOPICAL TERM
Topical term or geographic name entry element الاسلام والجهاز الهضمى
Source of heading or term qrmak
650 #7 - SUBJECT ADDED ENTRY--TOPICAL TERM
Topical term or geographic name entry element الاسلام والطب
Source of heading or term qrmak
700 1# - ADDED ENTRY--PERSONAL NAME
Personal name ابو الفضل : احمد
700 1# - ADDED ENTRY--PERSONAL NAME
Personal name الجندى : احمد رجائى
902 ## - LOCAL DATA ELEMENT B, LDB (RLIN)
No. of Items 1
905 ## - LOCAL DATA ELEMENT E, LDE (RLIN)
Cataloger بلتاجى
Reviser مراجع
905 ## - LOCAL DATA ELEMENT E, LDE (RLIN)
Cataloger رضا
Reviser مدخل
942 ## - ADDED ENTRY ELEMENTS (KOHA)
Source of classification or shelving scheme Dewey Decimal Classification
Koha item type Books
المقتنيات
Source of classification or shelving scheme Not for loan Home library Current library Date acquired Full call number Barcode Date last seen Copy number Koha item type
Dewey Decimal Classification   المكتبة المركزبة الجديدة - جامعة القاهرة قاعة الكتب - الدور الثاني 11.02.2024 214.61743 W138 1991 01000100103217001 22.09.2023 C.1 Books
Cairo University Libraries Portal Implemented & Customized by: Eng. M. Mohamady Contacts: new-lib@cl.cu.edu.eg | cnul@cl.cu.edu.eg
CUCL logo CNUL logo
© All rights reserved — Cairo University Libraries
CUCL logo
Implemented & Customized by: Eng. M. Mohamady Contact: new-lib@cl.cu.edu.eg © All rights reserved — New Central Library
CNUL logo
Implemented & Customized by: Eng. M. Mohamady Contact: cnul@cl.cu.edu.eg © All rights reserved — Cairo National University Library